Statistics for Iron Man Characters

Click here to take the quiz!

General Stats

  • This quiz has been taken 32 times
  • The average score is 6 of 12

Answer Stats

HintAnswer% Correct
Robert Downey JrIron Man
100%
Gwyneth PaltrowPepper Potts
96%
Samuel L JacksonNick Fury
89%
Jon FavreauHappy Hogan
86%
Terrence HowardJames Rhodes
61%
Paul BettanyJARVIS
61%
Clark GreggPhil Coulson
39%
Jeff BridgesIron Monger
32%
Shaun ToubHo Yinsen
11%
Sayed BadreyaAbu Bakaar
4%
Leslie BibbChristine Everhart
4%
Faran TahirRaza Hamidmi al-Wazar
4%

Score Distribution

Percentile by Number Answered

Percent of People with Each Score

Your Score History

You have not taken this quiz